| Tag |
First Indicator |
Second Indicator |
Subfields |
| LEADER |
00000cam a2200000 4500 |
| 001 |
in00000449913 |
| 005 |
20151012085054.0 |
| 008 |
730117s1943 mauad b 00000 eng |
| 010 |
|
|
|a 43006045
|
| 035 |
|
|
|a (OCoLC)00541213
|
| 035 |
|
|
|9 ABY2432AM
|
| 040 |
|
|
|a DLC
|c WSU
|d TXA
|d UtOrBLW
|
| 049 |
|
|
|a TXAM
|v 1 [125182]
|v 2 [125183]
|
| 050 |
|
0 |
|a QC911
|b .C64
|
| 092 |
|
|
|a 551.52
|b C622s
|
| 100 |
1 |
|
|a Clayton, Henry Helm,
|d 1861-1946.
|
| 245 |
1 |
0 |
|a Solar relations to weather and life ... /
|c by Henry Helm Clayton ...
|
| 264 |
|
1 |
|a Canton, Mass. :
|b The Clayton weather service,
|c 1943.
|
| 300 |
|
|
|a 2 volumes
|
| 336 |
|
|
|a text
|b txt
|2 rdacontent
|
| 337 |
|
|
|a unmediated
|b n
|2 rdamedia
|
| 338 |
|
|
|a volume
|b nc
|2 rdacarrier
|
| 650 |
|
0 |
|a Solar radiation.
|
| 650 |
|
0 |
|a Sunspots.
|
| 650 |
|
0 |
|a Weather.
|
| 999 |
|
|
|a MARS
|
| 999 |
f |
f |
|s 7305f684-f92e-3073-a144-d23ba1550435
|i 90cbdc99-9783-3202-991b-1cd92398c078
|t 0
|
| 952 |
f |
f |
|p ric
|a Texas A&M University
|b Rellis Campus
|c Joint Library Facility
|d Remote Storage
|t 0
|e QC911 .C64
|h Library of Congress classification
|i unmediated -- volume
|k v.2
|m A14800954858
|
| 952 |
f |
f |
|p ric
|a Texas A&M University
|b Rellis Campus
|c Joint Library Facility
|d Remote Storage
|t 0
|e QC911 .C64
|h Library of Congress classification
|i unmediated -- volume
|k v.1
|m A14800954840
|
| 998 |
f |
f |
|a QC911 .C64
|s v.1-v.2
|t 0
|l Remote Storage
|